000 00180nam a2200109Ia 4500
100 _a#N/A
942 _cBK
245 _adIGIT
260 _b#N/A
546 _aENGLISH
999 _c34065
_d34065